Hyperbolicity and sensitive chaotic dynamics at homoclinic bifurcations : (Record no. 144348)

MARC details
000 -LEADER
fixed length control field 00956cam a2200277Ia 4500
008 - FIXED-LENGTH DATA ELEMENTS--GENERAL INFORMATION
fixed length control field
020 ## - INTERNATIONAL STANDARD BOOK NUMBER
International Standard Book Number 0521475724 (pbk.)
049 ## - LOCAL HOLDINGS (OCLC)
Holding library MAIN
090 ## - LOCALLY ASSIGNED LC-TYPE CALL NUMBER (OCLC); LOCAL CALL NUMBER (RLIN)
Classification number (OCLC) (R) ; Classification number, CALL (RLIN) (NR) QA380
003 - CONTROL NUMBER IDENTIFIER
control field
005 - DATE AND TIME OF LATEST TRANSACTION
control field 20230123133207.0
040 ## - CATALOGING SOURCE
Transcribing agency NUST
100 1# - MAIN ENTRY--PERSONAL NAME
Personal name Palis, Jacob.
245 10 - TITLE STATEMENT
Title Hyperbolicity and sensitive chaotic dynamics at homoclinic bifurcations :
Remainder of title fractal dimensions and infinitely many attractors /
Statement of responsibility, etc. Jacob Palis, Floris Takens.
260 ## - PUBLICATION, DISTRIBUTION, ETC.
Place of publication, distribution, etc. Cambridge :
Name of publisher, distributor, etc. Cambridge University Press,
Date of publication, distribution, etc. 1995.
300 ## - PHYSICAL DESCRIPTION
Extent x, 234 p. :
Other physical details ill. ;
Dimensions 24 cm.
440 #0 - SERIES STATEMENT/ADDED ENTRY--TITLE
Title Cambridge studies in advanced mathematics ;
Volume/sequential designation 35
500 ## - GENERAL NOTE
General note Includes index.
504 ## - BIBLIOGRAPHY, ETC. NOTE
Bibliography, etc. note Includes bibliographical references.
650 #0 - SUBJECT ADDED ENTRY--TOPICAL TERM
Topical term or geographic name entry element Bifurcation theory.
650 #0 - SUBJECT ADDED ENTRY--TOPICAL TERM
Topical term or geographic name entry element Differentiable dynamical systems.
650 #0 - SUBJECT ADDED ENTRY--TOPICAL TERM
Topical term or geographic name entry element Chaotic behavior in systems.
700 1# - ADDED ENTRY--PERSONAL NAME
Personal name Takens, Floris.
907 ## - LOCAL DATA ELEMENT G, LDG (RLIN)
a .b10040328
b 05-09-05
c 17-04-03
942 ## - ADDED ENTRY ELEMENTS (KOHA)
Koha item type Ordinary Loan Books
Call number prefix QA380
Holdings
Date last seen Total Checkouts Full call number Barcode Cost, replacement price Price effective from Koha item type Lost status Source of classification or shelving scheme Damaged status Not for loan Collection Withdrawn status Home library Current library Shelving location Date acquired Cost, normal purchase price
01/23/2023 2 QA380 PAL 92003010425 80.00 01/23/2023 BOOKS   LCC     NFIC   MAIN MAIN GEN 01/23/2023 80.00